LEADER 01326nam--2200385---450- 001 990001132940203316 005 20050615101357.0 010 $a84-7774-873-X 035 $a000113294 035 $aUSA01000113294 035 $a(ALEPH)000113294USA01 035 $a000113294 100 $a20030224d1997----km-y0enga50------ba 101 0 $a<< 105 $ay|||z|||001yy 200 1 $a<> adquisicion de la fonologia de la primera lengua y de las lenguas exstranieras$emodelos teoricos y metodos linguisticos de analisis$fConxita Lleo 210 $aMadrid$cVisor$d1997 215 $a144 p.$d24 cm 225 2 $aLinguistica y conocimiento$v23 410 0$12001$aLinguistica y conocimiento 606 1 $aLingue straniere 676 $a418.007 700 1$aLLEO',$bConxita$0554826 801 0$aIT$bSalbc$cISBD 912 $a990001132940203316 951 $aIV.2. 1136(II sp B 1/135)$b166351 L.M.$cII sp B 1$d00095714 959 $aBK 969 $aUMA 979 $aMARIA$b10$c20030224$lUSA01$h1030 979 $aALESSANDRA$b90$c20030717$lUSA01$h1132 979 $aPATRY$b90$c20040406$lUSA01$h1718 979 $aCOPAT6$b90$c20050615$lUSA01$h0948 979 $aCOPAT6$b90$c20050615$lUSA01$h1013 996 $aAdquisicion de la fonologia de la primera lengua y de las lenguas exstranieras$9980167 997 $aUNISA